|
|
|
|
| LEADER |
00951cam a2200241 a 4500 |
| 001 |
0000028300 |
| 005 |
19980114090000.0 |
| 040 |
|
|
|a mod
|
| 041 |
|
|
|a eng
|
| 020 |
|
|
|a 0824810813
|
| 090 |
0 |
0 |
|a 904.5412
|b DUU
|
| 100 |
1 |
|
|a DUUS
|h Masayo Umezawa
|
| 245 |
1 |
0 |
|a Unlikely liberators the menof the 100th and 422nd
|c by Masayo Umezawa Duus, translated by Peter Duus
|
| 260 |
|
|
|a Honolulu
|b University of Hawaii Press
|c 1987
|
| 300 |
|
|
|a xi, 259p.
|c 24cm
|
| 650 |
0 |
0 |
|a World War, 1939-1945
|
| 700 |
1 |
|
|a DUUS
|h Peter
|
| 852 |
0 |
0 |
|a 01
|
| 999 |
|
|
|a 0107706
|b KEMENTAH
|d BOOKS
|e Umum
|f Perpustakaan KEMENTAH
|j WEEDED
|q OLD
|
| 999 |
|
|
|a 0107707
|b KEMENTAH
|d BOOKS
|e Umum
|f Perpustakaan KEMENTAH
|j WEEDED
|q OLD
|
| 999 |
|
|
|a 0107713
|b IPDA
|d BOOKS
|e Umum
|f IPDA
|j AVAILABLE
|q GOOD CONDITION
|
| 999 |
|
|
|a B000000324
|b KOLEJ PERISIKAN ATM
|d BOOKS
|e Umum
|f Kolej Perisikan ATM dulu PULARIS
|j AVAILABLE
|q GOOD CONDITION
|
| 999 |
|
|
|a B000006686
|b PULADA
|d BOOKS
|e Umum
|f PULADA
|j AVAILABLE
|q GOOD CONDITION
|